[Event "17th Asian Cities"]
[Site "Jakarta INA"]
[Date "2011.04.27"]
[Round "8.3"]
[White "Moradiabadi, Elshan"]
[Black "Purnama, Tirta Chandra"]
[Result "1-0"]
[WhiteTitle "GM"]
[BlackTitle "IM"]
[WhiteElo "2537"]
[BlackElo "2404"]
[WhiteTeam "Tehran"]
[BlackTeam "Jakarta"]
[WhiteFideId "12501255"]
[BlackFideId "7101422"]
[EventDate "2011.04.22"]

1. d4 Nf6 2. c4 c6 3. Nc3 d5 4. Nf3 dxc4 5. a4 Bf5 6. e3 e6 7. Bxc4 Bb4 8. O-O
Nbd7 9. Qe2 O-O 10. e4 Bg6 11. Bd3 Bh5 12. e5 Nd5 13. Nxd5 cxd5 14. Qe3 Be7 15.
Bd2 Nb8 16. a5 a6 17. Rfc1 Nc6 18. Ne1 Bg6 19. Bxg6 hxg6 20. h4 Qd7 21. Bc3 Bxh4
22. Qh3 Bg5 23. Rd1 f6 24. Nd3 fxe5 25. dxe5 Qf7 26. Ra4 Rac8 27. Rg4 Bh6 28.
Qg3 Ne7 29. Bb4 Nf5 30. Qf3 Rfd8 31. Bc5 d4 32. b4 Rd5 33. Re4 Rcd8 34. g3 Bg5
35. g4 Ne7 36. Qh3 Nc6 37. Kg2 Bh6 38. f4 g5 39. f5 Re8 40. Rde1 Ne7 41. Rf1 Rd7
42. Bxe7 Rdxe7 43. Rxd4 Rd7 44. Rxd7 Qxd7 45. Qf3 exf5 46. Qxf5 Qd5+ 47. Qf3 Rd8
48. Qxd5+ Rxd5 49. e6 Rd8 50. Nc5 Re8 51. Re1 Re7 52. Nxb7 g6 53. Nc5 Bf8 54.
Nxa6 Ra7 55. b5 Be7 56. b6 1-0

[Event "17th Asian Cities"]
[Site "Jakarta INA"]
[Date "2011.04.27"]
[Round "8.3"]
[White "Megaranto, Susanto"]
[Black "Mahjoob, Morteza"]
[Result "1/2-1/2"]
[WhiteTitle "GM"]
[BlackTitle "GM"]
[WhiteElo "2533"]
[BlackElo "2487"]
[WhiteTeam "Jakarta"]
[BlackTeam "Tehran"]
[WhiteFideId "7101384"]
[BlackFideId "12500798"]
[EventDate "2011.04.22"]

1. e4 c6 2. d4 d5 3. Nc3 dxe4 4. Nxe4 Bf5 5. Ng3 Bg6 6. h4 h6 7. Nf3 Nd7 8. h5
Bh7 9. Bd3 Bxd3 10. Qxd3 e6 11. Bd2 Ngf6 12. O-O-O Be7 13. Qe2 O-O 14. Ne5 Rc8
15. f4 c5 16. dxc5 Qc7 17. Kb1 Nxc5 18. c4 Rfd8 19. Be3 a6 20. Rxd8+ Rxd8 21.
Rd1 Rxd1+ 22. Qxd1 Ncd7 23. Nxd7 Nxd7 24. Qe2 Nf6 25. b3 Bc5 26. Kb2 Qc6 27.
Bxc5 Qxc5 28. Qd2 Qc7 29. Qd4 Qc6 30. Qd8+ Kh7 31. Qd3+ Kg8 32. Qd8+ Kh7 33.
Qd3+ Kg8 34. Qd8+ 1/2-1/2

[Event "17th Asian Cities"]
[Site "Jakarta INA"]
[Date "2011.04.27"]
[Round "8.3"]
[White "Golizadeh, Asghar"]
[Black "Novita, Anjas"]
[Result "1-0"]
[WhiteTitle "IM"]
[BlackTitle "FM"]
[WhiteElo "2492"]
[BlackElo "2344"]
[WhiteTeam "Tehran"]
[BlackTeam "Jakarta"]
[WhiteFideId "12505269"]
[BlackFideId "7100949"]
[EventDate "2011.04.22"]

1. e4 c5 2. Nf3 d6 3. d4 cxd4 4. Nxd4 Nf6 5. Nc3 a6 6. Bc4 e6 7. O-O Be7 8. Bb3
O-O 9. f4 Nbd7 10. f5 Nc5 11. fxe6 fxe6 12. Nf5 b5 13. Bg5 b4 14. Nxe7+ Qxe7 15.
Bxf6 gxf6 16. Na4 Kh8 17. Nxc5 dxc5 18. e5 c4 19. Ba4 Qc5+ 20. Kh1 Qxe5 21. Bc6
Ra7 22. Qd2 Qc5 23. Qh6 f5 24. Rad1 Rg7 25. Bf3 c3 26. bxc3 bxc3 27. Rfe1 Qc4
28. Qe3 Rfg8 29. Rd4 Qc5 30. Rd3 Qxe3 31. Rexe3 f4 32. Re1 Rc7 33. h4 Rc5 34.
Rd6 e5 35. Bd5 Re8 36. Be4 Re6 37. Rd8+ Kg7 38. Rb1 Rf6 39. Rb8 Be6 40. Rb7+ Rf7
41. Rb6 Bxa2 42. h5 Rf6 43. Rd7+ Bf7 44. h6+ Rxh6+ 45. Rxh6 Kxh6 46. Rxf7 Rc4
47. Rxh7+ Kg5 48. Bd3 Ra4 49. Rg7+ Kh4 50. Be2 Ra1+ 51. Kh2 Re1 52. Bxa6 e4 53.
Rc7 e3 54. Rc5 Kg4 55. Re5 Kh4 56. Bb7 e2 57. Bf3 1-0

[Event "17th Asian Cities"]
[Site "Jakarta INA"]
[Date "2011.04.27"]
[Round "8.4"]
[White "So, Wesley"]
[Black "Al-Ali, Hussein Ali Hussein"]
[Result "1-0"]
[WhiteTitle "GM"]
[BlackTitle "FM"]
[WhiteElo "2667"]
[BlackElo "2377"]
[WhiteTeam "Tagaytay"]
[BlackTeam "Baghdad"]
[WhiteFideId "5202213"]
[BlackFideId "4800192"]
[EventDate "2011.04.22"]

1. e4 e5 2. Nf3 Nc6 3. Bb5 a6 4. Ba4 Nf6 5. O-O Be7 6. Re1 d6 7. c3 O-O 8. d4
Bd7 9. Nbd2 Re8 10. Nf1 Bf8 11. Ng3 h6 12. h3 b5 13. Bc2 a5 14. Nh2 a4 15. f4 a3
16. b3 b4 17. d5 exf4 18. Bxf4 Ne5 19. cxb4 c6 20. Qd2 Rb8 21. dxc6 Bxc6 22. Qd4
g6 23. Rad1 Qc8 24. Bb1 Rb5 25. Qf2 Nfd7 26. Bd2 Qb7 27. Ne2 Rb6 28. Nd4 Bg7 29.
Nf1 h5 30. Ng3 Bb5 31. Bc1 Qa6 32. Ndf5 gxf5 33. Nxh5 fxe4 34. Bxe4 d5 35. Bxd5
Rbb8 36. Bxf7+ Nxf7 37. Qg3 Qf6 38. Nxf6+ Nxf6 39. Bxa3 Rxe1+ 40. Rxe1 Rf8 41.
Bb2 Nh6 42. Bxf6 1-0

[Event "17th Asian Cities"]
[Site "Jakarta INA"]
[Date "2011.04.27"]
[Round "8.4"]
[White "Ahmad, AzizJawad Obada"]
[Black "Antonio, Rogelio Jr"]
[Result "0-1"]
[WhiteTitle "IM"]
[BlackTitle "GM"]
[WhiteElo "2348"]
[BlackElo "2589"]
[WhiteTeam "Baghdad"]
[BlackTeam "Tagaytay"]
[WhiteFideId "4800680"]
[BlackFideId "5200032"]
[EventDate "2011.04.22"]

1. e4 c6 2. d4 d5 3. Nc3 dxe4 4. Nxe4 Bf5 5. Ng3 Bg6 6. h4 h6 7. Nf3 Nd7 8. h5
Bh7 9. Bd3 Bxd3 10. Qxd3 e6 11. Bd2 Ngf6 12. O-O-O Be7 13. Ne4 Nxe4 14. Qxe4 Nf6
15. Qe2 Qd5 16. c4 Qe4 17. Qxe4 Nxe4 18. Be3 f5 19. Nd2 Nf6 20. f3 b5 21. Bf4
Kf7 22. Be5 Rhd8 23. Rde1 Rac8 24. c5 a5 25. f4 Ng4 26. Nf3 Nf2 27. Kc2 Nxh1 28.
Rxh1 Rd5 29. Nh4 Bxh4 30. Rxh4 Rg8 31. Kd3 g6 32. hxg6+ Rxg6 33. Ke3 Rd8 34. Kf2
Rdg8 35. Rh2 a4 36. Kf1 b4 37. Bc7 b3 38. a3 Kg7 39. Be5+ Kh7 40. Kf2 Rg3 41.
Bf6 R8g6 42. Be5 Rd3 43. Ke2 Rgg3 44. Kf2 Rge3 45. Rh4 Kg6 46. g4 Rh3 47. gxf5+
Kxf5 48. Ke2 Rdf3 0-1

[Event "17th Asian Cities"]
[Site "Jakarta INA"]
[Date "2011.04.27"]
[Round "8.4"]
[White "Gomez, John Paul"]
[Black "Ismael, Namir Mohammed"]
[Result "1-0"]
[WhiteTitle "GM"]
[WhiteElo "2538"]
[BlackElo "2188"]
[WhiteTeam "Tagaytay"]
[BlackTeam "Baghdad"]
[WhiteFideId "5201381"]
[BlackFideId "4800800"]
[EventDate "2011.04.22"]

1. d4 d5 2. c4 e6 3. Nf3 c6 4. e3 Nf6 5. Nbd2 Nbd7 6. Bd3 Bd6 7. e4 dxe4 8. Nxe4
Nxe4 9. Bxe4 Nf6 10. Bc2 O-O 11. O-O c5 12. b3 b6 13. Qd3 h6 14. Bb2 Re8 15.
Rfe1 cxd4 16. Bxd4 Bc5 17. Qe3 Bxd4 18. Nxd4 a6 19. Rad1 Qc7 20. Qe5 Qxe5 21.
Rxe5 Bb7 22. Re2 Rac8 23. f3 Red8 24. Red2 Rd7 25. a4 Kf8 26. Kf2 g6 27. Ke3 e5
28. Ne2 Rxd2 29. Rxd2 Ke7 30. Nc3 h5 31. a5 b5 32. Bd3 Nd7 33. Rb2 b4 34. Na2
Rc5 35. Nxb4 Rxa5 36. Nc2 f5 37. b4 Ra4 38. Kd2 e4 39. fxe4 fxe4 40. Be2 Ne5 41.
Kc3 Nd3 42. Rb1 Nf4 43. Bf1 e3 44. Kb3 Be4 45. g3 e2 46. gxf4 exf1=Q 47. Rxf1
Bxc2+ 48. Kxc2 Rxb4 49. Kc3 Rb8 50. c5 Rc8 51. Kc4 Ke6 52. Ra1 Ra8 53. Rg1 Rg8
54. Rg5 Kf6 55. c6 Re8 56. Kc5 a5 57. Kb6 a4 58. Kb7 Rh8 59. c7 a3 60. c8=Q Rxc8
61. Kxc8 1-0

[Event "17th Asian Cities"]
[Site "Jakarta INA"]
[Date "2011.04.27"]
[Round "8.4"]
[White "Ali, Ghassan M."]
[Black "Laylo, Darwin"]
[Result "0-1"]
[WhiteTitle "FM"]
[BlackTitle "GM"]
[WhiteElo "2152"]
[BlackElo "2516"]
[WhiteTeam "Baghdad"]
[BlackTeam "Tagaytay"]
[WhiteFideId "4800168"]
[BlackFideId "5201330"]
[EventDate "2011.04.22"]

1. e4 d5 2. exd5 Nf6 3. d4 Qxd5 4. Nc3 Qd6 5. Nf3 c6 6. h3 Nbd7 7. Be2 g6 8. O-O
Bg7 9. Re1 O-O 10. Bc4 b5 11. Bb3 a5 12. a4 b4 13. Ne2 Ba6 14. c4 e6 15. Bf4 Qe7
16. c5 Rfe8 17. Bd6 Bxe2 18. Rxe2 Qd8 19. Ne5 Nxe5 20. dxe5 Nd5 21. Bxd5 exd5
22. Qd3 Re6 23. f4 Qh4 24. Rf1 f6 25. f5 gxf5 26. Qxf5 Rae8 27. Rf4 Qh6 28. exf6
Qxf6 29. Rxe6 Qxe6 30. Qh5 d4 31. Rg4 d3 32. Bf4 Re7 33. Rg3 Qe2 34. Qg5 h6 35.
Qf5 d2 36. Bxd2 Qxd2 37. Qc8+ Kf7 38. Rf3+ Bf6 39. Qxc6 Qd4+ 40. Kh2 Qe5+ 41.
Kg1 h5 42. Qc8 Rc7 0-1

[Event "17th Asian Cities"]
[Site "Jakarta INA"]
[Date "2011.04.27"]
[Round "8.5"]
[White "Sukandar, Irine Kharisma"]
[Black "Pourkashiyan, Atousa"]
[Result "1/2-1/2"]
[WhiteTitle "WGM"]
[BlackTitle "WGM"]
[WhiteElo "2354"]
[BlackElo "2371"]
[WhiteTeam "Tarakan"]
[BlackTeam "Mashhad"]
[WhiteFideId "7101937"]
[BlackFideId "12502014"]
[EventDate "2011.04.22"]

1. e4 c5 2. Nf3 e6 3. d4 cxd4 4. Nxd4 a6 5. Bd3 Bc5 6. Nb3 Ba7 7. O-O Nc6 8. Qg4
Nf6 9. Qxg7 Rg8 10. Qh6 Ne5 11. Be2 b5 12. Bg5 Rg6 13. Qh4 Bb7 14. N1d2 Rc8 15.
Kh1 h6 16. Bxf6 Qxf6 17. Qxf6 Rxf6 18. f4 Ng6 19. f5 exf5 20. Bd3 f4 21. a4 b4
22. Na5 Ba8 23. Nac4 Kf8 24. Rae1 d6 25. e5 dxe5 26. Nxe5 Nxe5 27. Rxe5 Bd4 28.
Rf5 Bxb2 29. R1xf4 Rxf5 30. Rxf5 Rd8 31. h3 f6 32. Kg1 Bc3 33. Ne4 Ke7 34. Kf1
Be5 35. Ke2 a5 36. Rh5 Rh8 37. g4 Bc6 38. Nd2 Bxa4 39. Nc4 Be8 40. Rf5 Bd7 41.
Rh5 Be8 42. Rf5 Bd7 43. Rh5 a4 44. Nxe5 fxe5 45. Rxe5+ Kd6 46. Ra5 Bc6 47. Kd2
Rf8 48. Bb5 Rf2+ 49. Kc1 Bxb5 50. Rxb5 a3 51. Kb1 Rh2 52. Rxb4 Rxh3 53. Rb5 Rg3
54. Rh5 Rxg4 55. Rxh6+ Kc5 56. Ka2 Rg2 57. Kb3 Rg3+ 58. c3 a2 59. Ra6 Rg2 60.
Ra5+ Kb6 61. Rxa2 Rxa2 62. Kxa2 Kc5 63. Kb3 Kb5 64. c4+ Kc5 65. Kc3 Kc6 66. Kb4
Kb6 67. c5+ Kc6 68. Kc4 Kc7 69. Kb5 Kb7 70. c6+ Kc7 71. Kc5 Kc8 72. Kb6 Kb8 73.
c7+ Kc8 1/2-1/2

[Event "17th Asian Cities"]
[Site "Jakarta INA"]
[Date "2011.04.27"]
[Round "8.5"]
[White "Ghader Pour, Shayesteh"]
[Black "Medina, Warda Aulia"]
[Result "1/2-1/2"]
[WhiteTitle "WIM"]
[BlackTitle "WFM"]
[WhiteElo "2241"]
[BlackElo "2035"]
[WhiteTeam "Mashhad"]
[BlackTeam "Tarakan"]
[WhiteFideId "12500747"]
[BlackFideId "7101570"]
[EventDate "2011.04.22"]

1. e4 e6 2. d4 d5 3. Nd2 Nf6 4. e5 Nfd7 5. c3 c5 6. Bd3 Nc6 7. Ne2 Qb6 8. Nf3
cxd4 9. cxd4 f6 10. exf6 Nxf6 11. O-O Bd6 12. Rb1 O-O 13. b4 e5 14. dxe5 Nxe5
15. Nxe5 Bxe5 16. Bf4 Qd6 17. Bxe5 Qxe5 18. Ng3 Bg4 19. Qd2 Rac8 20. Bc2 Rc4 21.
Bb3 Rd4 22. Qb2 Qf4 23. h3 Rd2 24. Qc3 Rc8 25. Qe3 Qxe3 26. fxe3 Be6 27. Rbc1
Rd3 28. Rce1 Rc6 29. Ne2 Rb6 30. Nf4 Rd2 31. e4 h6 32. Rd1 Rxd1 33. Rxd1 Bf7 34.
e5 g5 35. Nd3 Ne4 36. Rc1 Rc6 37. Rxc6 bxc6 38. Ba4 Be8 39. e6 Nc3 40. Bb3 Kg7
41. Nc5 Kf6 42. Kf2 Nb5 43. Bd1 Nc7 44. Ke3 Nxe6 45. Nxe6 Kxe6 46. Kd4 Kd6 47.
a4 Bg6 48. Bg4 Bc2 49. a5 Be4 50. g3 Bg6 51. h4 gxh4 52. gxh4 Bf7 53. Bf3 Be6
54. Bh5 Bf5 55. Bf3 Be6 56. Be2 Bf5 1/2-1/2

[Event "17th Asian Cities"]
[Site "Jakarta INA"]
[Date "2011.04.27"]
[Round "8.5"]
[White "Sihite, Chelsie Monica"]
[Black "Khademalsharieh, Sarasadat"]
[Result "1/2-1/2"]
[WhiteTitle "WFM"]
[BlackTitle "WFM"]
[WhiteElo "2039"]
[BlackElo "2137"]
[WhiteTeam "Tarakan"]
[BlackTeam "Mashhad"]
[WhiteFideId "7101198"]
[BlackFideId "12512214"]
[EventDate "2011.04.22"]

1. e4 e5 2. Nf3 Nc6 3. Bc4 Bc5 4. c3 Nf6 5. d3 a6 6. Bb3 Ba7 7. Nbd2 d6 8. O-O
O-O 9. h3 h6 10. Re1 Nh5 11. Nf1 Qf6 12. Be3 Nf4 13. Ng3 g6 14. d4 Kg7 15. Qd2
Re8 16. Bxf4 exf4 17. Ne2 g5 18. Nc1 Ne7 19. e5 Qg6 20. Nd3 Bf5 21. exd6 cxd6
22. Bc2 Qh5 23. Bd1 Qg6 24. Bc2 Qh5 25. Bd1 Qg6 26. Bc2 Qh5 27. Bd1 1/2-1/2

[Event "17th Asian Cities"]
[Site "Jakarta INA"]
[Date "2011.04.27"]
[Round "8.5"]
[White "Alavi, Homa"]
[Black "Dewi, Aa Citra"]
[Result "1-0"]
[BlackTitle "WFM"]
[WhiteElo "2008"]
[BlackElo "1994"]
[WhiteTeam "Mashhad"]
[BlackTeam "Tarakan"]
[WhiteFideId "12507547"]
[BlackFideId "7101244"]
[EventDate "2011.04.22"]

1. d4 Nf6 2. c4 g6 3. Nc3 Bg7 4. e4 d6 5. Be2 O-O 6. Bg5 c5 7. d5 a6 8. Qd2 Re8
9. h4 h5 10. f3 Nbd7 11. g4 b5 12. gxh5 b4 13. Nd1 Nxh5 14. Nf2 Ndf6 15. Ngh3 a5
16. Ng4 Nxg4 17. fxg4 Ng3 18. Rh2 Nxe4 19. Qc2 Nxg5 20. Nxg5 e6 21. O-O-O a4 22.
Rf2 Ra7 23. Rdf1 Ree7 24. dxe6 Bxe6 25. Qd3 a3 26. b3 Rad7 27. Bf3 Bh6 28. Kc2
d5 29. Nxe6 dxc4 30. Qxc4 Rxe6 31. g5 Bg7 32. Bg4 Rd4 33. Bxe6 Rxc4+ 34. Bxc4
Qd4 35. Rxf7 Qc3+ 36. Kd1 Qa1+ 37. Kc2 Qxa2+ 38. Kd3 Kh7 39. R7f2 Bb2 40. Re1
Kh8 41. Re8+ Kh7 42. Re7+ 1-0

[Event "17th Asian Cities"]
[Site "Jakarta INA"]
[Date "2011.04.27"]
[Round "8.6"]
[White "Kadek, Iin Dwijayanti"]
[Black "Nyi Nyi Lwin"]
[Result "0-1"]
[WhiteTitle "WCM"]
[WhiteElo "1919"]
[BlackElo "2219"]
[WhiteTeam "Pekanbaru"]
[BlackTeam "Yangon"]
[WhiteFideId "7101066"]
[BlackFideId "13002481"]
[EventDate "2011.04.22"]

1. e4 c5 2. Nf3 Nc6 3. d4 cxd4 4. Nxd4 d6 5. Nc3 Nf6 6. Be3 Bd7 7. f3 a6 8. Qd2
Qc7 9. O-O-O Rc8 10. g4 e6 11. g5 Nh5 12. Nxc6 Bxc6 13. Qf2 b5 14. Bd3 Qb7 15.
Ne2 d5 16. Rhf1 Bd6 17. Qh4 g6 18. Nd4 Bd7 19. exd5 exd5 20. Nb3 O-O 21. f4 Qc7
22. f5 Rfe8 23. fxg6 hxg6 24. Qf2 Bh3 25. Bb6 Qe7 26. Rg1 Nf4 27. Kb1 Nxd3 28.
cxd3 Qe2 29. Rd2 Qh5 30. a3 Re5 31. Bd4 Rf5 32. Qe2 Rxg5 33. Re1 Be6 34. Bc3 Qh4
35. Bf6 Qa4 36. Bxg5 Qxb3 37. d4 b4 38. Qe3 Qa4 39. Bf6 Bf8 40. Ka2 bxa3 41. b3
Qb4 42. Rg2 Bf5 43. Rc1 Rb8 44. Qc3 Qb6 45. Qc6 Qxb3+ 0-1

[Event "17th Asian Cities"]
[Site "Jakarta INA"]
[Date "2011.04.27"]
[Round "8.6"]
[White "Sie Thu"]
[Black "Verdiana, Norasya"]
[Result "1-0"]
[WhiteElo "2237"]
[BlackElo "1915"]
[WhiteTeam "Yangon"]
[BlackTeam "Pekanbaru"]
[WhiteFideId "13002767"]
[BlackFideId "7102402"]
[EventDate "2011.04.22"]

1. e4 e5 2. Nf3 Nc6 3. Bb5 a6 4. Ba4 Nf6 5. O-O Be7 6. d3 b5 7. Bb3 O-O 8. Re1
d6 9. c3 Bb7 10. Nbd2 Nd7 11. Nf1 Bf6 12. Ng3 g6 13. h3 Bg7 14. Bg5 Qc8 15. Qd2
Nc5 16. Bc2 Re8 17. Bh6 Bh8 18. d4 Nd7 19. Ng5 Nd8 20. Bb3 Nf8 21. dxe5 Bxe5 22.
f4 Bf6 23. f5 Be5 24. Qf2 Qd7 25. Rf1 d5 26. Rad1 c6 27. exd5 cxd5 28. N3e4 Qxf5
29. Qh4 Qd7 30. Bxf8 Kxf8 31. Qxh7 Qc7 32. Bxd5 Bxd5 33. Rxd5 Re7 34. Qxg6 Qc8
35. Rxd8+ Qxd8 36. Rxf7+ Rxf7 37. Qxf7# 1-0

[Event "17th Asian Cities"]
[Site "Jakarta INA"]
[Date "2011.04.27"]
[Round "8.7"]
[White "Lane, Gary W."]
[Black "Esa, A H Almarazeeq"]
[Result "1-0"]
[WhiteTitle "IM"]
[WhiteElo "2366"]
[BlackElo "1786"]
[WhiteTeam "Sydney"]
[BlackTeam "Sharjah"]
[WhiteFideId "3203301"]
[BlackFideId "9306250"]
[EventDate "2011.04.22"]

1. e4 c6 2. d4 d5 3. e5 Bf5 4. h4 h5 5. c4 e6 6. Nc3 Ne7 7. Bg5 Qa5 8. Qd2 Nd7
9. a3 dxc4 10. Bxc4 Nd5 11. Nge2 N7b6 12. Bb3 Be7 13. O-O Nxc3 14. Nxc3 Nd5 15.
Rac1 Nxc3 16. Rxc3 c5 17. Bxe7 Kxe7 18. Qg5+ Ke8 19. Qxg7 Rf8 20. Rxc5 Qd8 21.
Ba4+ Ke7 22. Qf6# 1-0

[Event "17th Asian Cities"]
[Site "Jakarta INA"]
[Date "2011.04.27"]
[Round "8.7"]
[White "Omar, Noaman"]
[Black "Reilly, Tim"]
[Result "1-0"]
[BlackTitle "FM"]
[WhiteElo "2253"]
[BlackElo "2271"]
[WhiteTeam "Sharjah"]
[BlackTeam "Sydney"]
[WhiteFideId "9300244"]
[BlackFideId "3200302"]
[EventDate "2011.04.22"]

1. d4 d6 2. e4 Nf6 3. f3 g6 4. c4 Bg7 5. Nc3 O-O 6. Be3 c6 7. Bd3 a6 8. a4 a5 9.
Qd2 e5 10. Nge2 Na6 11. Rd1 Nb4 12. Bb1 Qe7 13. O-O Re8 14. Rfe1 Kh8 15. Kh1 Be6
16. d5 cxd5 17. cxd5 Bd7 18. Bd3 Nxd3 19. Qxd3 Ng8 20. Rc1 Bh6 21. Bxh6 Nxh6 22.
Nb5 Rf8 23. Qd2 Bxb5 24. axb5 Qh4 25. Ng3 f5 26. Rc7 f4 27. Nf1 Rf7 28. Rxf7
Nxf7 29. Rc1 g5 30. Rc7 Rf8 31. g3 fxg3 32. Nxg3 Nh6 33. Qc3 g4 34. Rc8 Qf6 35.
Rxf8+ Qxf8 36. Kg2 gxf3+ 37. Qxf3 Qe7 38. Qh5 Qf8 39. Qg5 Ng8 40. Nf5 Nf6 41.
Kf3 Nd7 42. h3 Nc5 43. Ke3 Na4 44. Qh6 Qxh6+ 45. Nxh6 Nxb2 46. Nf7+ Kg7 47. Nxd6
a4 48. Kd2 b6 49. Kc2 a3 50. Kb3 Nd1 51. Kxa3 Kf6 52. Kb4 Nf2 53. Nc4 Nxe4 54.
Nxb6 Nf2 55. Nc4 Ke7 56. b6 Kd8 57. Kb5 Nd3 58. Ka6 Nc5+ 59. Ka7 e4 60. b7 1-0

[Event "17th Asian Cities"]
[Site "Jakarta INA"]
[Date "2011.04.27"]
[Round "8.7"]
[White "Saud, Mohamed"]
[Black "Jones, Brian"]
[Result "1/2-1/2"]
[BlackTitle "FM"]
[WhiteElo "2087"]
[BlackElo "2046"]
[WhiteTeam "Sharjah"]
[BlackTeam "Sydney"]
[WhiteFideId "9300457"]
[BlackFideId "3200663"]
[EventDate "2011.04.22"]

1. d4 c5 2. c3 cxd4 3. cxd4 Nf6 4. Nf3 d5 5. Nc3 Nc6 6. Bf4 Nh5 7. Bg5 h6 8. Bh4
g5 9. Bg3 Bg7 10. e3 Nxg3 11. hxg3 g4 12. Nh4 h5 13. Bd3 e6 14. Rc1 Bd7 15. a3
O-O 16. Bb1 Qg5 17. O-O f5 18. Ne2 Be8 19. Nf4 Bf7 20. b4 a6 21. Qe2 Rfc8 22. b5
axb5 23. Qxb5 Rab8 24. a4 Qd8 25. Qd3 Ne7 26. Qa3 Bf6 27. a5 Bxh4 28. gxh4 Ra8
29. Qb3 Qd7 30. Qa3 1/2-1/2

[Event "17th Asian Cities"]
[Site "Jakarta INA"]
[Date "2011.04.27"]
[Round "8.8"]
[White "Saleh, Nagueb"]
[Black "Battulga, Namkhai"]
[Result "0-1"]
[BlackTitle "FM"]
[WhiteElo "2194"]
[BlackElo "2420"]
[WhiteTeam "Dubai"]
[BlackTeam "Erdenet"]
[WhiteFideId "9300058"]
[BlackFideId "4900880"]
[EventDate "2011.04.22"]

1. d4 d5 2. Nf3 Nf6 3. c4 e6 4. Nc3 c6 5. cxd5 exd5 6. Bg5 Be7 7. e3 O-O 8. Qc2
Re8 9. Bd3 Nbd7 10. O-O Nf8 11. Rab1 a5 12. a3 g6 13. b4 Ne6 14. Bh4 Ng7 15.
Rfc1 Bf5 16. Bxf6 Bxf6 17. b5 Be7 18. Bxf5 Nxf5 19. bxc6 bxc6 20. Qa4 Qd6 21.
Rb3 Rec8 22. h3 c5 23. Nb5 Qd7 24. dxc5 Rxc5 25. Rxc5 Bxc5 26. Nc3 Qe6 27. Ne2
Qa6 28. Nf4 Qc4 29. Qxc4 dxc4 30. Rc3 Nd6 31. Ne5 a4 32. Nxc4 Nxc4 33. Rxc4 Bxa3
34. Nd5 Bd6 35. Nc3 a3 36. Na2 Rb8 37. f4 Rb2 0-1

[Event "17th Asian Cities"]
[Site "Jakarta INA"]
[Date "2011.04.27"]
[Round "8.8"]
[White "Ganbold, Choidog"]
[Black "Sultan, Ibrahim"]
[Result "1-0"]
[WhiteElo "2196"]
[BlackElo "1791"]
[WhiteTeam "Erdenet"]
[BlackTeam "Dubai"]
[WhiteFideId "4900480"]
[BlackFideId "9301143"]
[EventDate "2011.04.22"]

1. f4 d5 2. Nf3 c5 3. g3 Nc6 4. Bg2 Nf6 5. d3 Bg4 6. Nc3 e6 7. O-O Be7 8. e3 O-O
9. h3 Bxf3 10. Qxf3 Qc7 11. a3 Rad8 12. e4 Nd4 13. Qf2 c4 14. e5 Ne8 15. Be3 Nc6
16. d4 f6 17. exf6 Bxf6 18. Rad1 Nd6 19. g4 g6 20. Qg3 Qg7 21. Ne2 b5 22. c3 a5
23. f5 gxf5 24. Nf4 Rfe8 25. Nxe6 Rxe6 26. Bxd5 Kf7 27. Bxe6+ Kxe6 28. d5+ Kd7
29. dxc6+ Kxc6 30. Qf3+ Kc7 31. Kh1 Ne4 32. Bf4+ Kb6 33. gxf5 Qb7 34. Kh2 Ka6
35. Rxd8 Bxd8 36. Re1 Nc5 37. Qxb7+ Kxb7 38. Re2 Nd3 39. Kg3 b4 40. axb4 axb4
41. Be5 Kb6 42. Bd4+ Kb5 43. f6 Bc7+ 44. Kf3 b3 45. f7 Bd6 46. Bg7 Nf4 47. f8=Q 1-0

[Event "17th Asian Cities"]
[Site "Jakarta INA"]
[Date "2011.04.27"]
[Round "8.9"]
[White "Yee, Soon Wei"]
[Black "AlHuwar, Jasem"]
[Result "1/2-1/2"]
[WhiteTitle "FM"]
[BlackTitle "FM"]
[WhiteElo "2285"]
[BlackElo "2334"]
[WhiteTeam "Bandar Seri Begawan"]
[BlackTeam "Abu Dhabi"]
[WhiteFideId "10500553"]
[BlackFideId "9300465"]
[EventDate "2011.04.22"]

1. e4 c5 2. Nf3 d6 3. d4 cxd4 4. Nxd4 Nf6 5. Nc3 g6 6. Bg5 Bg7 7. Bb5+ Nbd7 8.
Qe2 O-O 9. O-O-O a6 10. Bxd7 Bxd7 11. Rhe1 h6 12. Bh4 Re8 13. f4 Bg4 14. Nf3 Qa5
15. e5 dxe5 16. fxe5 Nd7 17. Rd5 Qc7 18. Rd4 Be6 19. Nd5 Qa5 20. Red1 g5 21.
Bxg5 hxg5 22. Nxg5 Nf8 23. a3 Rac8 24. R1d3 Bf5 25. b4 Qb5 26. Qf3 Bg6 27. Rd2
Bxe5 28. Rg4 Rc4 29. Nxf7 Rxg4 30. Nh6+ Kh8 31. Nxg4 Bg7 32. Nc7 Qg5 33. Nxe8
Bxe8 34. Kd1 Bc6 35. Qh3+ Kg8 36. Rd8 e6 37. Rd3 Ng6 38. Rg3 Qd5+ 39. Kc1 Qe4
40. Re3 Qf4 41. Kd2 Be4 42. Qg3 Bf5 43. Qxf4 Nxf4 44. Rg3 Nh5 45. Nh6+ Kf8 46.
Nxf5 exf5 47. Rf3 f4 48. Rh3 Nf6 49. Kd3 Ng4 50. Rh4 Ne5+ 51. Ke4 Ng6 52. Rg4
Kf7 53. Kf5 Ne7+ 54. Kxf4 Nd5+ 55. Kf3 Nc3 56. Rc4 Be5 57. h4 Nb1 58. Rc5 Bd6
59. Rd5 Ke6 60. Rd3 b5 61. g4 Be5 62. Rd8 Nxa3 63. Ra8 Nxc2 64. Rxa6+ Kd5 65.
Rb6 Nd4+ 66. Ke3 Nc2+ 67. Kd2 Nd4 68. Kd3 Bc7 69. Rb7 Bd6 70. Rb6 1/2-1/2

[Event "17th Asian Cities"]
[Site "Jakarta INA"]
[Date "2011.04.27"]
[Round "8.9"]
[White "Faisal, Abdulla"]
[Black "Pg, L Wijaya Pg Hj Mohd Limbang"]
[Result "1-0"]
[WhiteElo "2275"]
[BlackElo "2301"]
[WhiteTeam "Abu Dhabi"]
[BlackTeam "Bandar Seri Begawan"]
[WhiteFideId "9301232"]
[BlackFideId "10500480"]
[EventDate "2011.04.22"]

1. e4 c5 2. Nf3 Nc6 3. d4 cxd4 4. Nxd4 Qb6 5. Nb3 e5 6. Be3 Qc7 7. c4 Nf6 8. Bd3
Bb4+ 9. N3d2 Qd6 10. Bc2 Nd4 11. O-O O-O 12. a3 Nxc2 13. Qxc2 Bc5 14. Bg5 h6 15.
Bh4 g5 16. Bg3 Nh5 17. Nc3 Nxg3 18. hxg3 b6 19. b4 Bd4 20. Nb5 Qc6 21. Nxd4 exd4
22. Qd3 Bb7 23. Qxd4 Qe6 24. Rfe1 Rac8 25. Qd3 Ba6 26. Rac1 Bb7 27. Nb3 Rfe8 28.
f3 Ba6 29. b5 Bb7 30. Nd4 Qe5 31. Nf5 Rc7 32. Nxh6+ Kg7 33. Nf5+ Kg8 34. Red1 f6
35. a4 Kh7 36. Qd4 Kg6 37. Kf2 Qe6 38. Rh1 1-0

[Event "17th Asian Cities"]
[Site "Jakarta INA"]
[Date "2011.04.27"]
[Round "8.9"]
[White "Munir, Azizi Bin Ahmad"]
[Black "Khouri, Ahmed Abbas"]
[Result "0-1"]
[BlackTitle "FM"]
[WhiteElo "1928"]
[BlackElo "2013"]
[WhiteTeam "Bandar Seri Begawan"]
[BlackTeam "Abu Dhabi"]
[WhiteFideId "10500057"]
[BlackFideId "9301518"]
[EventDate "2011.04.22"]

1. e4 c5 2. Nf3 Nc6 3. d4 cxd4 4. Nxd4 Nf6 5. Nc3 d6 6. Bg5 e6 7. Qd2 a6 8.
O-O-O h6 9. Bxf6 Qxf6 10. f4 Nxd4 11. Qxd4 Qxf4+ 12. Kb1 Bd7 13. g3 Qe5 14. Qf2
Be7 15. Bg2 O-O 16. g4 b5 17. Ne2 Rac8 18. Nf4 Qc5 19. Qe2 Qc4 20. Qf2 Bc6 21.
Rhe1 Qc5 22. Qg3 Bb7 23. Re2 Qe5 24. Qf3 Rc7 25. Nd3 Qf6 26. Qg3 Qh4 27. Qxh4
Bxh4 28. Nf4 Rd8 29. Bf3 Kf8 30. Ng2 Be7 31. Red2 Ke8 32. c3 Rc4 33. Re2 b4 34.
cxb4 Rxb4 35. Ne1 a5 36. Nc2 Rb6 37. Red2 Rb8 38. Ne3 Ba6 39. Rg1 Bf6 40. Nd1 a4
41. Rgg2 a3 42. b3 Bg5 43. Rd4 Rc8 44. Rc2 Rbc6 0-1